[Event "Plzen op-C 10th"]
[Site "Plzen"]
[Date "2004.??.??"]
[Round "3"]
[White "Chloupek, Jaroslav"]
[Black "Rouc, Michal"]
[Result "0-1"]
[WhiteElo "1740"]
[BlackElo "1775"]
[PlyCount "74"]
[EventDate "2004.08.??"]
[EventType "swiss"]
[EventRounds "9"]
[EventCountry "CZE"]
[SourceTitle "EXT 2007"]
[Source "ChessBase"]
[SourceDate "2006.11.23"]
[SourceVersion "1"]
[SourceVersionDate "2006.11.23"]
[SourceQuality "1"]

1. c4 e5 2. Nc3 Nf6 3. Nf3 Nc6 4. g3 d5 5. cxd5 Nxd5 6. d3 Be6 7. Bg2 Be7 8. 0-0 0-0 9. a3 Nb6 10. b4 f6 11. Ne4 Nd4 12. Nxd4 Qxd4 13. Be3 Qd7 14. Nc5 Bxc5 15. Bxc5 Rfb8 16. f4 exf4 17. Rxf4 Nd5 18. Rf2 c6 19. e4 Nc7 20. Qf1 Rd8 21. Rd1 Nb5 22. Rfd2 Nxa3 23. Be3 Nb5 24. d4 Nc7 25. d5 cxd5 26. exd5 Bg4 27. Bf3 Bxf3 28. Qxf3 Re8 29. d6 Ne6 30. Qf5 a6 31. Bb6 Qc6 32. Qf2 Ng5 33. Qf5 Qxb6+ 34. Kf1 Rad8 35. Qd5+ Kh8 36. h4 Ne4 37. Rd3 Qf2# 0-1

[Event "Plzen op-C 9th"]
[Site "Plzen"]
[Date "2003.??.??"]
[Round "7"]
[White "Rouc, Michal"]
[Black "Soukup, Alois"]
[Result "0-1"]
[WhiteElo "1793"]
[BlackElo "1943"]
[PlyCount "58"]
[EventDate "2003.08.??"]
[EventType "swiss"]
[EventRounds "9"]
[EventCountry "CZE"]
[SourceTitle "EXT 2005"]
[Source "ChessBase"]
[SourceDate "2004.11.15"]
[SourceVersion "1"]
[SourceVersionDate "2004.11.15"]
[SourceQuality "1"]

1. e4 c5 2. Nf3 Nc6 3. d4 cxd4 4. Nxd4 g6 5. Be2 Bg7 6. Nb3 Nf6 7. Nc3 d6 8. 0-0 0-0 9. Kh1 b6 10. f4 Bb7 11. Be3 Nd7 12. Bf3 Rc8 13. Qd2 Nc5 14. Bg4 Bxc3 15. bxc3 Nxe4 16. Qd3 f5 17. Bf3 Nf6 18. Nd4 Qd7 19. Rae1 e5 20. fxe5 dxe5 21. Qc4+ Qf7 22. Qxf7+ Kxf7 23. Nb5 Rcd8 24. Rd1 e4 25. Nd6+ Rxd6 26. Rxd6 exf3 27. Bg5 fxg2+ 28. Kxg2 Ne5+ 29. Kh3 Ne4 0-1